| 000 | 00361nam a2200097Ia 4500 | ||
|---|---|---|---|
| 008 | 180130s9999 xx 000 0 und d | ||
| 245 |
_cChan, Andrew; Man, Derek _aHuman resource management in Hong Kong |
||
| 260 | _c2014 | ||
| 300 | _aBook title: Managing human resources in Asia-Pacific--Acession number C18630; pages 82-97 | ||
| 650 | _aPERSONNEL MANAGEMENT--ASIA | ||
| 999 |
_c353813 _d353813 |
||